Top 15 entreprises françaises avec le plus de salariés - Statistiques

Statistiques générales
  • Ce quiz a été pris 75 fois
  • Le résultat moyen est 3 sur 15
Statistiques - réponses
Hint Réponse % Correct
324 Carrefour
69%
215 LVMH
61%
157 Airbus
33%
200 Bouygues
31%
248 Stellantis
21%
280 Vinci
21%
198 BNP Paribas
19%
215 Veolia
16%
341 Capgemini
12%
216 Dior
10%
161 Saint Gobain
10%
167 Schneider
4%
423 Sodexo
3%
197 Essilor
1%
446 Teleperformance
1%
Aucun quiz correspondant
Distribution des résultats
% des personnes avec chaque résultat
Percentile par nombre de réponses
Votre historique - résultats
Vous n’avez pas pris ce quiz